000 00270nam a2200121Ia 4500
005 20251222144846.0
008 251222s9999||||xx |||||||||||||| ||spa||
082 _a152.4/H94
100 _aHunter, Evan
245 0 _aSoledad y Angustia
264 _bCarlat
942 _cLIB
999 _c21402
_d21402